000 00796nam a2200253 a 4500
001 BRCA_6311
005 20190320205417.0
008 050811s1948----nyua######---#000-0#eng-#
041 _aeng
044 _anyu
050 4 _aN1
_b.A78 1 1948
245 1 0 _aThe Art Bulletin
_ban Quarterly.
260 _aNueva York
_bCollege Art Asociation of America
_c1948
300 _ap. 250-259
_bil.
_c31 cm.
_e1 hoja
500 _aVol. XXX, No. 4 diciembre, 1948.
500 _aDedicado a Franz Mayer por Martin Sebastian Soria.
500 _aBoletín inventariado por Banco de México como libro
500 _aVer también P145 y Q178
500 _aC95
650 1 4 _aArte
_xPublicaciones periódicas
_915226
710 2 _aCollege Art Association of America
_915838
902 _aGFM
942 _2lcc
_cB
999 _c5997
_d5997